Comptabilité de management

Saved in:
Bibliographic Details
Main Author: Brault, Réjean
Format: Book
Language:Undetermined
Published: Québec, Canada Les Presses de l'Université Laval 1993
Subjects:
Tags: Add Tag
No Tags, Be the first to tag this record!
Institutions: Trung tâm Học liệu Trường Đại học Cần Thơ
LEADER 00577nam a2200205Ia 4500
001 CTU_69102
008 210402s9999 xx 000 0 und d
082 |a 657.42 
082 |b B825 
100 |a Brault, Réjean 
245 0 |a Comptabilité de management 
245 0 |c Réjean Brault et Pierre Giguère 
260 |a Québec, Canada 
260 |b Les Presses de l'Université Laval 
260 |c 1993 
650 |a Accounting 
650 |x Propblems, exercises, etc. 
904 |i Minh 
910 |a Năm 
980 |a Trung tâm Học liệu Trường Đại học Cần Thơ